Anatomy & physiology (Record no. 8380)

MARC details
000 -LEADER
fixed length control field 01296cam a2200325 a 4500
001 - CONTROL NUMBER
control field 16920611
003 - CONTROL NUMBER IDENTIFIER
control field mut
005 - DATE AND TIME OF LATEST TRANSACTION
control field 20240606081054.0
008 - FIXED-LENGTH DATA ELEMENTS--GENERAL INFORMATION
fixed length control field 110812s2013 paua b 001 0 eng
010 ## - LIBRARY OF CONGRESS CONTROL NUMBER
LC control number 2011034253
020 ## - INTERNATIONAL STANDARD BOOK NUMBER
International Standard Book Number 9781269699716
035 ## - SYSTEM CONTROL NUMBER
System control number (DNLM)101566858
040 ## - CATALOGING SOURCE
Original cataloging agency DNLM/DLC
Transcribing agency DLC
042 ## - AUTHENTICATION CODE
Authentication code pcc
050 00 - LIBRARY OF CONGRESS CALL NUMBER
Classification number QP41
Item number .A53 2014
060 10 - NATIONAL LIBRARY OF MEDICINE CALL NUMBER
Classification number QS 4
082 00 - DEWEY DECIMAL CLASSIFICATION NUMBER
Classification number 612
Edition information 23
245 00 - TITLE STATEMENT
Title Anatomy & physiology
246 1# - VARYING FORM OF TITLE
Title proper/short title Anatomy and physiology
260 ## - PUBLICATION, DISTRIBUTION, ETC.
Place of publication, distribution, etc. Boston
Name of publisher, distributor, etc. pearson
Date of publication, distribution, etc. c2014.
300 ## - PHYSICAL DESCRIPTION
Extent x, 373 p. :
Other physical details col. ill. ;
Dimensions cm.
504 ## - BIBLIOGRAPHY, ETC. NOTE
Bibliography, etc. note Includes bibliographical references (p. 364) and index.
505 0# - FORMATTED CONTENTS NOTE
Formatted contents note The human body -- Genetics -- Chemical organization -- Integumentary system -- Musculoskeletal system -- Neurosensory system -- Endocrine system -- Cardiovascular system -- Hematologic system -- Immune system -- Respiratory system -- Gastrointestinal system -- Nutrition and metabolism -- Urinary system -- Fluids, electrolytes, acids, and bases -- Reproductive system -- Reproduction and lactation.
650 12 - SUBJECT ADDED ENTRY--TOPICAL TERM
Topical term or geographic name entry element Anatomy.
650 22 - SUBJECT ADDED ENTRY--TOPICAL TERM
Topical term or geographic name entry element Physiological Phenomena.
710 2# - ADDED ENTRY--CORPORATE NAME
Corporate name or jurisdiction name as entry element Lippincott Williams & Wilkins.
906 ## - LOCAL DATA ELEMENT F, LDF (RLIN)
a 7
b cbc
c orignew
d 1
e ecip
f 20
g y-gencatlg
942 ## - ADDED ENTRY ELEMENTS (KOHA)
Source of classification or shelving scheme Library of Congress Classification
Koha item type Books
Holdings
Withdrawn status Lost status Source of classification or shelving scheme Damaged status Not for loan Home library Current library Date acquired Total checkouts Full call number Barcode Date last seen Price effective from Koha item type
    Library of Congress Classification     MUT Mariira Campus Library MUT Mariira Campus Library 25/04/2017   QP41 .A53 2014 008747 25/04/2017 25/04/2017 Books